[Event "IECG QN.2000.0.00138"]
[Site "IECG email"]
[Date "2000.09.09"]
[Round "?"]
[White "Hanik, Armin"]
[Black "Heide, Ken"]
[Result "1-0"]
[WhiteElo "800"]
[BlackElo "800"]
[PlyCount "41"]
[EventDate "2000.09.09"]
[EventType "tourn (corr)"]
[EventRounds "6"]
[SourceTitle "Corr 2008"]
[Source "ChessBase"]
[SourceDate "2008.06.24"]
[SourceVersion "1"]
[SourceVersionDate "2008.06.24"]
[SourceQuality "1"]

1. d4 Nf6 2. c4 d5 3. cxd5 Nxd5 4. e4 Nb4 5. Qa4+ N8c6 6. d5 Qd6 7. dxc6 bxc6 8. a3 Qc5 9. Nc3 Rb8 10. axb4 Rxb4 11. Qxa7 Qxa7 12. Rxa7 Kd8 13. Nf3 e6 14. Ne5 Rb7 15. Rxb7 Bxb7 16. Nxf7+ Ke8 17. Nxh8 Bd6 18. Bc4 Bc8 19. Ke2 Kf8 20. Be3 Kg8 21. Ra1 1-0

[Event "IECG QN.2000.0.00138"]
[Site "IECG email"]
[Date "2000.09.09"]
[Round "?"]
[White "Hanik, Armin"]
[Black "Mattfeld, Eric"]
[Result "1-0"]
[WhiteElo "800"]
[BlackElo "882"]
[PlyCount "99"]
[EventDate "2000.09.09"]
[EventType "tourn (corr)"]
[EventRounds "6"]
[SourceTitle "Corr 2008"]
[Source "ChessBase"]
[SourceDate "2008.06.24"]
[SourceVersion "1"]
[SourceVersionDate "2008.06.24"]
[SourceQuality "1"]

1. e4 e5 2. Nf3 Nc6 3. d4 exd4 4. Nxd4 Nf6 5. Nxc6 bxc6 6. e5 Nd5 7. c4 Bb4+ 8. Bd2 Bxd2+ 9. Nxd2 Nb6 10. Bd3 0-0 11. 0-0 d6 12. Re1 Qg5 13. exd6 cxd6 14. Ne4 Qf4 15. Nxd6 Be6 16. g3 Qg5 17. Qc2 g6 18. Ne4 Qe7 19. Qc3 Nd7 20. f4 Rfd8 21. Ng5 Qc5+ 22. Kh1 Bg4 23. b4 Qd6 24. Qh8+ Kxh8 25. Nxf7+ Kg8 26. Nxd6 Nf6 27. c5 a5 28. a3 Nd5 29. Nb7 Rd7 30. Nxa5 Rc8 31. Bc4 Kh8 32. Kg1 Nc3 33. Be6 Bxe6 34. Rxe6 Rd2 35. Nxc6 Ne2+ 36. Kh1 Nd4 37. Nxd4 Rxd4 38. Rae1 Kg7 39. Re7+ Kf6 40. Rxh7 Ra8 41. Ree7 g5 42. Ref7+ Ke6 43. fxg5 Rxa3 44. Rf6+ Ke5 45. Re7+ Kd5 46. Rd7+ Kc4 47. Rxd4+ Kxd4 48. c6 Rc3 49. g6 Ke5 50. Rf8 1-0

[Event "IECG QN.2000.0.00132"]
[Site "IECG email"]
[Date "2000.08.05"]
[Round "?"]
[White "Ferroni, Claudio"]
[Black "Hanik, Armin"]
[Result "0-1"]
[WhiteElo "848"]
[BlackElo "800"]
[PlyCount "42"]
[EventDate "2000.08.05"]
[EventType "tourn (corr)"]
[EventRounds "6"]
[SourceTitle "Corr 2008"]
[Source "ChessBase"]
[SourceDate "2008.06.24"]
[SourceVersion "1"]
[SourceVersionDate "2008.06.24"]
[SourceQuality "1"]

1. d4 Nf6 2. d5 e6 3. dxe6 fxe6 4. e3 d5 5. Bb5+ Nbd7 6. Nc3 c6 7. Ba4 Bb4 8. Bd2 0-0 9. a3 Bxc3 10. Bxc3 Ne4 11. Ne2 Nxf2 12. Rf1 Nxd1 13. Rxf8+ Nxf8 14. Kxd1 Qh4 15. g3 Qxa4 16. Nd4 e5 17. Nb3 Qe4 18. Kd2 Bf5 19. Rc1 Qg2+ 20. Kd1 Bg4+ 21. Ke1 Qe2# 0-1

[Event "IECG QN.2000.0.00132"]
[Site "IECG email"]
[Date "2000.08.05"]
[Round "?"]
[White "Hanik, Armin"]
[Black "Ferroni, Claudio"]
[Result "1-0"]
[WhiteElo "800"]
[BlackElo "848"]
[PlyCount "52"]
[EventDate "2000.08.05"]
[EventType "tourn (corr)"]
[EventRounds "6"]
[SourceTitle "Corr 2008"]
[Source "ChessBase"]
[SourceDate "2008.06.24"]
[SourceVersion "1"]
[SourceVersionDate "2008.06.24"]
[SourceQuality "1"]

1. e4 e5 2. Nf3 d6 3. d4 f6 4. Bc4 Nc6 5. d5 Nce7 6. Nc3 a6 7. 0-0 Bg4 8. h3 Bh5 9. a4 b5 10. axb5 a5 11. b6 c6 12. Be3 c5 13. Bb5+ Kf7 14. b7 Rb8 15. Nxe5+ dxe5 16. Qxh5+ g6 17. Qd1 h5 18. d6 Rxb7 19. dxe7 Qxd1 20. e8Q+ Kg7 21. Rfxd1 Re7 22. Rd7 Rxd7 23. Qxd7+ Ne7 24. Nd5 Rh7 25. Nxe7 Kh8 26. Nxg6+ Kg8 1-0